| 000 | 00534nam a2200145Ia 4500 | ||
|---|---|---|---|
| 008 | 170221s9999 xx 000 0 und d | ||
| 100 | _aGafar Olanrewaju Yusuf | ||
| 245 | _aInternal Marketing Practices and Customer Orientation of Employees in Nigeria Banking Sector | ||
| 245 | _cGafar Olanrewaju Yusuf, Inda Sukati, Ifu Andenyang | ||
| 260 | _bInternational Review of Management and Marketing | ||
| 260 | _c2012 | ||
| 300 | _a7 : 2 | ||
| 650 | _xMarketing. | ||
| 856 | _uhttp://www.econjournals.com/index.php/irmm/issue/view/77 | ||
| 999 |
_c314021 _d314021 |
||